Después de Babel: aspectos del lenguaje y la traducción
Gespeichert in:
| 1. Verfasser: | |
|---|---|
| Format: | Buch |
| Sprache: | Spanisch |
| Veröffentlicht: |
Ciudad de México
Fondo de Cultura Económica
1995
|
| Ausgabe: | 2a. ed |
| Schriftenreihe: | Sección de Lengua y Estudios Literarios
|
| Schlagworte: | |
| Tags: |
Tag hinzufügen
Keine Tags, Fügen Sie den ersten Tag hinzu!
|
MARC
| LEADER | 00000nam a2200000 a 4500 | ||
|---|---|---|---|
| 001 | UCS4106 | ||
| 003 | CL-VaPUC | ||
| 008 | 970725e19950000MX |||||||||||||||||spa|d | ||
| 082 | 0 | 4 | |a 418.02 |b STE |2 21 |
| 100 | 0 | |a Steiner, George |e author |9 390192 | |
| 245 | 1 | 0 | |a Después de Babel: aspectos del lenguaje y la traducción |
| 250 | |a 2a. ed | ||
| 300 | |a 527 p | ||
| 942 | |c BK | ||
| 945 | |d 19970725 00:00:00 |a jquezada | ||
| 260 | |a Ciudad de México |b Fondo de Cultura Económica |c 1995 | ||
| 650 | 0 | |a Traducción |9 357261 | |
| 650 | 0 | |a Interpretación |9 258846 | |
| 650 | 7 | |a TRANSLITERACION |2 CL-VaPUC |9 350310 | |
| 650 | 0 | |a Filosofía del lenguaje |9 257082 | |
| 650 | 0 | |a Lógica |9 256849 | |
| 650 | 0 | |a Dialéctica |9 257902 | |
| 583 | |a last modification |c 19970725 00:00:00 |k Rodrigo Vera | ||
| 490 | 0 | |a Sección de Lengua y Estudios Literarios | |
| 999 | |c 261439 |d 261437 | ||
| 952 | |0 0 |1 0 |4 0 |6 418_020000000000000_STE_1995 |7 0 |8 A |9 288873 |a BIBEDU |b BIBEDU |d 2019-11-19 |i 333693K |l 1 |m 2 |o 418.02 STE 1995 |p 333693K |r 2023-05-24 |s 2023-05-08 |w 2019-11-19 |y BK |k LIT | ||